मौसम बदल रहा है/ (Record no. 198866)

MARC details
000 -LEADER
fixed length control field 00706nam a22001937a 4500
005 - DATE AND TIME OF LATEST TRANSACTION
control field 20231109104021.0
010 ## - LCCN (DPL NO)
LC control number HIN-126184
020 ## - INTERNATIONAL STANDARD BOOK NUMBER
Terms of availability 395.00
International Standard Book Number 9788188017318
035 ## - SYSTEM CONTROL NUMBER
System control number HN-98530
037 ## - SOURCE OF ACQUISITION
Source of stock number/acquisition DBAD/PUB
082 ## - DEWEY DECIMAL CLASSIFICATION NUMBER
Classification number
100 ## - MAIN ENTRY--PERSONAL NAME
Personal name चौहान,अनिता सिंह
245 ## - TITLE STATEMENT
Title मौसम बदल रहा है/
Statement of responsibility, etc अनिता सिंह चौहान
260 ## - PUBLICATION, DISTRIBUTION, ETC. (IMPRINT)
Name of publisher, distributor, etc साहित्य प्रचारक
Date of publication, distribution, etc 2019
Place of publication, distribution, etc दिल्ली
270 ## - ADDRESS
Address 3011 बल्लीराम
City नई दिल्ली
Postal code 110006
300 ## - PHYSICAL DESCRIPTION
Extent 160 पृ.
Dimensions 22 सेमी.(सजिल्द)
942 ## - ADDED ENTRY ELEMENTS (KOHA)
Source of classification or shelving scheme Dewey Decimal Classification
Item type Hindi Books
Classification part
Call number suffix चौहान
Holdings
Withdrawn status Lost status Not for loan Collection code Home library Current library Date acquired Source of acquisition Cost, normal purchase price Full call number Barcode Copy number Cost, replacement price Koha item type
      Fiction Bawana Bawana 26/10/2023 DBAD/PUB 395.00 क चौहान HN-98530 1 395.00 Hindi Books

© Delhi Public Library
Hit Counter
free hit counter